Beethoven vive arriba / (Registro nro. 12173)
[ vista simple ]
| 000 -LEADER | |
|---|---|
| fixed length control field | 00808cam a2200289 i 4500 |
| 001 - CONTROL NUMBER | |
| control field | 0000839 |
| 003 - CONTROL NUMBER IDENTIFIER | |
| control field | DO-SdBNP |
| 005 - DATE AND TIME OF LATEST TRANSACTION | |
| control field | 20161129155142.0 |
| 007 - PHYSICAL DESCRIPTION FIXED FIELD--GENERAL INFORMATION | |
| fixed length control field | 0000839 |
| 008 - FIXED-LENGTH DATA ELEMENTS--GENERAL INFORMATION | |
| fixed length control field | 100514s 1996 xxu a | |||| 000 f spa |
| 015 ## - NATIONAL BIBLIOGRAPHY NUMBER | |
| National bibliography number | |
| 017 ## - COPYRIGHT OR LEGAL DEPOSIT NUMBER | |
| Copyright or legal deposit number | |
| Assigning agency | |
| 020 ## - INTERNATIONAL STANDARD BOOK NUMBER | |
| International Standard Book Number | 1560146192 |
| 035 ## - SYSTEM CONTROL NUMBER | |
| System control number | |
| 040 ## - CATALOGING SOURCE | |
| Original cataloging agency | BPMSU |
| Language of cataloging | spa |
| Transcribing agency | BPMSU |
| Description conventions | |
| 080 ## - UNIVERSAL DECIMAL CLASSIFICATION NUMBER | |
| Universal Decimal Classification number | |
| 100 1# - MAIN ENTRY--PERSONAL NAME | |
| Personal name | Nichol, Barbara |
| 240 1# - UNIFORM TITLE | |
| Uniform title | <a href="Beethoven lives upstairs /">Beethoven lives upstairs /</a> |
| 245 10 - TITLE STATEMENT | |
| Title | Beethoven vive arriba / |
| Medium | |
| Statement of responsibility, etc. | Barbara Nichol ; ilustraciones Scott Cameron ; traducción Frederick Richard |
| 250 ## - EDITION STATEMENT | |
| Edition statement | 15a. ed. |
| 260 ## - PUBLICATION, DISTRIBUTION, ETC. (IMPRINT) | |
| Place of publication, distribution, etc. | Miami, Estados Unidos : |
| Name of publisher, distributor, etc. | Alfaguara, |
| -- | Santillana, |
| Date of publication, distribution, etc. | 1996. |
| 300 ## - PHYSICAL DESCRIPTION | |
| Extent | [48] p.: |
| Other physical details | il. |
| Dimensions | 26 cm. |
| 700 1# - ADDED ENTRY--PERSONAL NAME | |
| Personal name | Cameron, Scott |
| Relator term | il. |
| 700 1# - ADDED ENTRY--PERSONAL NAME | |
| Personal name | Richard, Frederick |
| Relator term | trad. |
| 942 ## - ADDED ENTRY ELEMENTS (KOHA) | |
| Source of classification or shelving scheme | Dewey Decimal Classification |
| Koha item type | Libros |
| 956 ## - LOCAL ELECTRONIC LOCATION AND ACCESS (OCLC) | |
| Host name | YLOCKWARD |
| Field link and sequence number | 10 |
| Compression information | BPMSU |
| Withdrawn status | Lost status | Source of classification or shelving scheme | Damaged status | Not for loan | Collection code | Home library | Current library | Date acquired | Source of acquisition | Total Checkouts | Barcode | Date last seen | Price effective from | Koha item type |
|---|---|---|---|---|---|---|---|---|---|---|---|---|---|---|
| Dewey Decimal Classification | Colección Juvenil General | Biblioteca Pública Metropolitana Salomé Ureña | Biblioteca Pública Metropolitana Salomé Ureña | 11/29/2016 | Donado por Alfaguara | BPMSU16111668 | 11/29/2016 | 11/29/2016 | Libros |